| 000 | 01514nam2a22002891 4500 | ||
|---|---|---|---|
| 001 | rc\4458062 | ||
| 005 | 20130416162710.1 | ||
| 021 |
_aRU _b[63-54396] |
||
| 035 | _a(NLR Aleph) 008590839 | ||
| 090 |
_a8642703 _c8642703 |
||
| 100 | _a20130416d1963 |||y0rusy50 ca | ||
| 101 | 0 | _arus | |
| 102 | _aRU | ||
| 105 | _ay z ||||| | ||
| 200 | 1 |
_aОктябрь-декабрь 1906 года _f[Сост. Р.Е. Альтшуллер, В.К. Головников, Д.А. Колесниченко и др.] _gПод ред. М.С. Симоновой (отв. ред.) [и др.] |
|
| 210 | _d1963 | ||
| 215 | _a652 с. | ||
| 461 | 0 |
_1001rc\4458056 _12001#$aВторой период революции. 1906-1907 гг.$fПод ред. Г.М. Деренковского (отв. ред.) [и др.]$g[Акад. наук СССР. Ин-т истории. Гл. архивное упр. Центр. гос. воен.-ист. архив]. Ч. 1-$vЧ. 3 _98642669 _cМосква _d1957 _fПод ред. Г.М. Деренковского (отв. ред.) [и др.] _nИзд-во Акад. наук СССР _tВторой период революции. 1906-1907 гг. _vЧ. 3 |
|
| 702 | 1 |
_aГоловников _bВ. К. _4220 |
|
| 702 | 1 |
_aКолесниченко _bД. А. _4220 |
|
| 702 | 1 |
_aАльтшуллер _bР. Е. _gРозалия Ефимовна _4220 |
|
| 702 | 1 |
_aСимонова _bМ. С. _4340 |
|
| 801 | 0 |
_aRU _bNLR _gpsbo |
|
| 801 | 1 |
_aRU _bELAR _2rusmarc |
|
| 852 |
_aNLR _j57-7/1397 |
||
| 942 | _cBOOK | ||
| 980 | _aNB | ||